| 000 | 00597nam a2200181 4500 | ||
|---|---|---|---|
| 003 | OSt | ||
| 008 | 241005b |||||||| |||| 00| 0 eng d | ||
| 020 | _a9788196876371 | ||
| 041 | _amal | ||
| 082 |
_a915.98 _bJAL/IN |
||
| 100 |
_aJaleel, K.T _95370 |
||
| 245 |
_aIndonesia khethrasamridhamaya muslim rajyam / _bഇന്തോനേഷ്യ ക്ഷേത്രസമൃദ്ധമായ മുസ്ലിംരാജ്യം |
||
| 250 | _a1st ed. | ||
| 260 |
_aThiruvananthapuram : _bChintha Publishers, _c2024. |
||
| 300 | _a144p. | ||
| 650 |
_aTravelogue - Indonesia _96311 |
||
| 942 | _cBK | ||
| 999 |
_c18125 _d18125 |
||